000 00444nam a22001817a 4500
003 MPLRDC
005 20220104161531.0
008 210129b ||||| |||| 00| 0 eng d
020 _a957-733-382-6
082 _a388.5 KUR
100 _aMARK KURLANSKY
245 _a鳕鱼之旅
_c彭优慧译
250 _a初版
260 _a台湾
_b新雨出版社
_c1999
300 _b328
650 _a脊椎动物--鱼类
942 _cBK
_o388.5 KUR
999 _c55528
_d55518